| 000 | 00501nam a2200169 i 4500 | ||
|---|---|---|---|
| 001 | 38841 | ||
| 003 | ES-MaACL | ||
| 005 | 20230912063104.0 | ||
| 007 | t| | ||
| 008 | 030226s1877 sp ||||1| spa d | ||
| 100 | 1 |
_aCampoamor, Ramón de, _d1817-1901 _934232 |
|
| 245 | 1 | 0 |
_aNuevos pequeños poemas y doloras / _cRamón de Campoamor. |
| 260 |
_aSevilla : _b[s.n., _c1877] ( _fFrancisco Alvarez y Cia) |
||
| 300 |
_a249 p. ; _c19 cm. |
||
| 852 |
_aES-MaACL _jD-1743 |
||
| 999 |
_c38841 _d38841 |
||